000 00704nam a2200289Ia 4500
005 20260324144721.0
008 008 260324s9999 xx 000 0 eng d
020 _a9780203063453
037 _aEBOOK
040 _aCRL
040 _beng
040 _cCRL
041 _2eng
041 _aeng
084 _qCRL
100 _aEvelyn Blackwood
_91220350
245 4 _aThe Many Faces of Homosexuality
245 0 _bAnthropological Approaches to Homosexual Behavior
260 _bTaylor and Francis
260 _c1986
365 _a
365 _b98.99
856 _uhttp://www.taylorfrancis.com/books/9780203063453
942 _cEBOOK
999 _c1827309
_d1827309